La isla del tesoro / (Registro nro. 10711)

Detalles MARC
000 -LIDER
fixed length control field 00901nam a22003137a 4500
001 - NÚMERO DE CONTROL
Identificador de número de control 00260
003 - IDENTIFICACDOR DE NÚMERO DE CONTROL
control field DO-SdBNP
005 - DATE AND TIME OF LATEST TRANSACTION
control field 20221114094753.0
007 - CAMPOS FIJOS DE DESCRIPCIÓN FÍSICA
fixed length control field 00260
008 - ELEMENTOS DE LONGITUD FIJA
fixed length control field 151111b 2010 sp ||00| 0 spa d
020 ## - ISBN
International Standard Book Number 9789870409250
040 ## - FUENTE DE CATALOGACIÓN
Agencia que crea de manera original el registro BPMSU
Idioma de catalogación spa
Agencia que realiza la transcripción BPMSU
082 #4 - NÚMERO DE CLASIFICACIÓN DECIMAL DE DEWEY
Classification number 823
Item number S847i 2010
Edition number 22
092 ## - LOCALLY ASSIGNED DEWEY DECIMAL CALL NUMBER
Número de clasificación
100 1# - ASIENTO PRINCIPAL -- NOMBRE PERSONAL
Nombre personal Stevenson, Robert Louis,
Fechas asociadas con el nombre 1850-1894.
245 10 - MENCIÓN DE TITULO
Título La isla del tesoro /
Mención de responsabilidad Robert Louis Stevenson ; prólogo Gonzalo Garcés ;
246 ## - VARIACION DEL TÍTULO
Institución que aplica el campo
250 ## - MENCIÓN DE EDICION
Mención de edición
260 ## - PUBLICACIÓN, DISTRIBUCIÓN, ETC. (PIE DE IMPRENTA)
Lugar de publicación, distribución, etc Barcelona :
Nombre del editor, distribuidor, etc. Alfaguara,
Fecha de publicación, distribución, etc 2010
300 ## - DESCRIPCIÓN FÍSICA
Extensión 338 p. :
Otros detalles físicos il. ;
Dimensiones 20 cm.
490 0# - MENCIÓN DE SERIES
Mención de serie Alfaguara;
-- serie roja
534 ## - NOTA SOBRE LA VERSIÓN ORIGINAL
Asiento principal del original Título original :
Mención del título original Treasure island.
590 ## - NOTA LOCAL
Enlace Inventariado, 2022/VM
650 #4 - ENCABEZAMIENTO DE MATERIA--TEMÁTICO
Término temático o nombre geográfico como elemento de entrada Novela juvenil inglesa
650 #4 - ENCABEZAMIENTO DE MATERIA--TEMÁTICO
Término temático o nombre geográfico como elemento de entrada Literatura juvenil inglesa
700 1# - ASIENTO SECUNDARIO -- NOMBRE PERSONAL
Nombre personal Garcés, Gonzalo
Mención de responsabilidad pról.
Fechas asociadas con el nombre
910 ## - VALIDACIÓN
Validación VMateo V. /Validado
942 ## - ADDED ENTRY ELEMENTS (KOHA)
Source of classification or shelving scheme Dewey Decimal Classification
Koha item type Libros
Existencias
Withdrawn status Lost status Source of classification or shelving scheme Damaged status Not for loan Collection code Home library Current library Date acquired Source of acquisition Full call number Barcode Date last seen Price effective from Koha item type Copy number
    Dewey Decimal Classification     Colección General Biblioteca Pública Metropolitana Salomé Ureña Biblioteca Pública Metropolitana Salomé Ureña 07/06/2016 ALFAGUARA BPMSU CG 823 S847i 2010 BPMSU16090317 07/06/2016 07/06/2016 Libros  
    Dewey Decimal Classification     Colección General Biblioteca Pública Metropolitana Salomé Ureña Biblioteca Pública Metropolitana Salomé Ureña 07/06/2016 ALFAGUARA BPMSU CG 823 S847i 2010 BPMSU16070130 07/06/2016 07/06/2016 Libros e.2
    Dewey Decimal Classification     Colección General Biblioteca Pública Metropolitana Salomé Ureña Biblioteca Pública Metropolitana Salomé Ureña 07/12/2016 ALFAGUARA BPMSU CG 823 S847i 2010 BPMSU16070368 07/12/2016 07/12/2016 Libros e.3